Hide and Seek - Countries #10 - Statistics

General Stats
  • This quiz has been taken 14 times
  • The average score is 4 of 7
Answer Stats
Answer % Correct
Finland
83%
Greece
83%
Israel
67%
Their flags have only blue and white.
67%
Somalia
58%
F. S. Micronesia
33%
Honduras
33%
No matching quizzes found
Score Distribution
Percent of People with Each Score
Percentile by Number Answered
Your Score History
You have not taken this quiz